000 00925nam a2200217Ii 4500
003 JO-AjNU
008 230605s9999||||xx |||||||||||||| ||und||
020 _a2-7451-3589-9
040 _aJO-AjNU
_bara
_erda
_cJO-AjNU
041 _aara
050 1 4 _aPJ 7701 .6 .T35 Z77 2003
100 3 _aتأليف المرزوقي، أبي علي أحمد بن محمد بن الحسن؛ علق عليه وكتب حواشية غريد الشيخ ؛ وضع فهارسه العامة إبراهيم شمس الدين,
_eauthor
_927075
245 0 0 _a شرح ديوان الحماسة لأبي تمام
250 _aط1
264 3 1 _aبيروت: دار الكتب العلمية، 2003
300 _aم2(3-4)، 780 - 1498ص
336 _atext
_btxt
_2rdacontent
337 _aunmediated
_bn
_2rdamedia
338 _avolume
_bnc
_2rdacarrier
650 4 _aأبو تمام، حبيب بن أوس الطائي، 808-842. حماسة
_927076
999 _aA10339
_c13907
_d13907